| 000 | 00388nam a2200109Ia 4500 | ||
|---|---|---|---|
| 008 | 160909s9999 xx 000 0 und d | ||
| 100 | _aMallery, Mona L. | ||
| 245 | _aInfluence of School Principals and Students with Autism: A Qualitative Study | ||
| 260 |
_bCalifornia Lutheran University _c2016 |
||
| 650 | _aEDUC/SPED | ||
| 856 | _uhttp://pqdtopen.proquest.com/doc/1810125323.html?FMT=ABS | ||
| 999 |
_c304999 _d304999 |
||